000 00388pab a2200169 454500
008 180718b2011 xxu||||| |||| 00| 0 eng d
100 _aAnand, Meenu
245 _aPolitics of corruption in India
260 _c2011
300 _ap.362-372.
362 _aOct-Dec
650 _aCorruption - India
650 _aCorruption
773 _aSocial Action
908 _aN
909 _a93704
999 _c93704
_d93704